000 00535nam a2200169 i 4500
001 57675
003 ES-MaACL
005 20230906163623.0
007 t|
008 031017s1972 sp ||||1| spa d
100 1 _aDracodaidis, Philippos.
_945567
245 1 0 _aClamores
_b: crónicas de una ciudad muerta /
_cPhilippos Dracodaidis ; [traducción de Cristobal Zaragoza].
260 _aBarcelona :
_bPlaneta,
_c[1972]
300 _a162 p. ;
_c20 cm.
700 1 _aZaragoza, Cristóbal.
_9118028
852 _aES-MaACL
_jC-54264
_bR.83731
999 _c57675
_d57675